000 01312nam a2200289 i 4500
001 153885
003 ES-MaACL
005 20231229062551.0
008 190123s1952 sp |||| | spa d
080 _a821.134.2-2"19"(082.2)
245 0 0 _aTeatro español, 1950-1951 /
_cprólogo, notas y apéndice por Federico Carlos Sainz de Robles.
260 _aMadrid :
_bAguilar,
_c1952.
300 _a477 p., [12] p. de lám. ;
_c20 cm.
490 1 _aColección literaria
505 8 _aContiene: ¡Yo tengo veinte años! / Felipe Sassone. En la ardiente oscuridad / Antonio Buero Vallejo. El gran minué / Víctor Ruiz Iriarte. La sombra pasa / Luis Fernández Ardavín. Veinte y cuarenta / José López-Rubio. Criminal de guerra / Joaquín Calvo-Sotelo
650 4 _aTeatro español-
_yS.XX.
_917356
700 1 _aSainz de Robles, Federico Carlos,
_d1898-1982
_9101593
700 0 _aSassone, Felipe.
_9103913
700 1 _aBuero Vallejo, Antonio,
_d1916-2000
_932421
700 1 _aRuiz Iriarte, Víctor,
_d1912-1982
_9100836
700 1 _aFernández Ardavín, Luis,
_d1891-1962
_949469
700 1 _aLópez Rubio, José,
_d1903-1996
_973939
700 1 _aCalvo-Sotelo, Joaquín,
_d1905-1993
_933913
830 0 _aColección literaria
_9179831
852 _aES-MaACL
_jP-354
999 _c153885
_d153885